| 000 | 00462nam a22001457a 4500 | ||
|---|---|---|---|
| 005 | 20260203111546.0 | ||
| 008 | 260203b |||||||| |||| 00| 0 eng d | ||
| 050 | _aQM 23.2 .C65 2011 | ||
| 100 | _aBruce,J. Colbert , Jeff Ankney and Karen T.Lee | ||
| 245 |
_aANATOMY AND PHYSIOLOGY FOR HEALTH PROFESSIONS _b; An Interactive Journey |
||
| 250 | _a2nd Edition | ||
| 260 |
_aNew Jersey _bPearson Education ,Inc. _c2011 |
||
| 300 | _a513pages | ||
| 942 |
_2lcc _cBK |
||
| 999 |
_c216514 _d216514 |
||